Lost Trivia - Statistics

General Stats
  • This quiz has been taken 226 times
  • The average score is 12 of 16
Answer Stats
Hint Answer % Correct
Name the character who lived in the hatch Desmond Hume
98%
Who was the leader of the others Ben Linus
95%
Who was the ageless protector of the Island for more than 2000 years Jacob
92%
Who killed Ana Lucia and Libby Michael
91%
John Locke did not like being told what he... Can't do
90%
How many minutes could go by before the button had to be pressed 108
88%
What was the name of Charlie's band Driveshaft
87%
Name the character who could not age Richard Alpert
85%
Who did the above pass on the position of protector to Jack Shephard
83%
And who did this person then pass on the position to Hurley
82%
What are 'the numbers' 4 8 15 16 23 42
78%
What was Sawyer before the plane crashed Conman
74%
What was Sayid's role in the Iraqi national guard Torturer
69%
What was the name of Hugo's imaginary friend Dave
48%
What was the name of Jack's son with Juliet David
39%
How much did Hurley win in the lottery $156 million
21%
No matching quizzes found
Score Distribution
Percent of People with Each Score
Percentile by Number Answered
Your Score History
You have not taken this quiz